000
00313nam a2200109Ia 4500
008
200302s9999 xx 000 0 und d
100
_a
Catherine Dee
245
_a
Form and Fabric in Landscape Architecture A Visual Introduction
260
_b
Spon Press Taylor and Francis Group
260
_c
2001
300
_a
214 P.,
999
_c
3877
_d
3877